000
00397nam a22001337a 4500
003
SGT
020
_a
978812671385
082
_a
891.4309
_b
U07K
100
_a
कोहली, द्रोणवीर
245
_a
उम्मीद हैं, आएगा वह दिन
260
_b
राजकमल प्रकाशन प्रा. लि.
_c
2007
300
_a
494
942
_2
ddc
_c
BK
999
_c
29816
_d
29816